[Event "SVK-ch U12"]
[Site "Tatralandia"]
[Date "2024.04.11"]
[Round "8"]
[White "Edes, Zalan"]
[Black "Abdou, Fransis Thomas"]
[Result "1-0"]
[WhiteElo "1000"]
[BlackElo "1000"]
[PlyCount "41"]
[EventDate "2024.04.05"]
[EventType "swiss"]
[EventRounds "9"]
[EventCountry "SVK"]
[SourceTitle "CB16_2024"]
[SourceDate "2024.04.17"]
[SourceVersion "1"]
[SourceVersionDate "2024.04.17"]
[SourceQuality "1"]

1. e4 e5 2. Nf3 Nc6 3. d4 Bd6 4. Bc4 Nf6 5. 0-0 0-0 6. Bg5 b6 7. Nc3 Na5 8. Bd5 c6 9. Bb3 Nxb3 10. axb3 Qe7 11. d5 Bb7 12. Nh4 Qd8 13. Nf5 Be7 14. d6 Nxe4 15. dxe7 Qc7 16. exf8Q+ Rxf8 17. Nxe4 c5 18. Qg4 g6 19. Ne7+ Kg7 20. Bf6+ Kh6 21. Qh3# 1-0

[Event "SVK-ch U12"]
[Site "Tatralandia"]
[Date "2024.04.09"]
[Round "6"]
[White "Edes, Zalan"]
[Black "Sutto, Bencze"]
[Result "0-1"]
[WhiteElo "1000"]
[BlackElo "1000"]
[PlyCount "104"]
[EventDate "2024.04.05"]
[EventType "swiss"]
[EventRounds "9"]
[EventCountry "SVK"]
[SourceTitle "CB16_2024"]
[SourceDate "2024.04.17"]
[SourceVersion "1"]
[SourceVersionDate "2024.04.17"]
[SourceQuality "1"]

1. e4 e5 2. Nf3 Nc6 3. Bc4 Nf6 4. Ng5 d5 5. exd5 Na5 6. Bb5+ c6 7. dxc6 bxc6 8. Be2 Be7 9. 0-0 0-0 10. Nc3 Nd5 11. Nge4 Nf4 12. Bg4 f5 13. Bh3 Nxh3+ 14. gxh3 fxe4 15. Kh1 Bxh3 16. Rg1 Rxf2 17. Qh5 Bc8 18. Qxe5 Rf7 19. d3 Bf8 20. Bh6 Qf6 21. Qh5 Qf3+ 22. Qxf3 exf3 23. Be3 f2 24. Rgf1 Bb7 25. Rxf2 c5+ 26. Kg1 Rxf2 27. Bxf2 c4 28. dxc4 Nxc4 29. b3 Ne5 30. Bg3 Bc5+ 31. Kf1 Ba6+ 32. Kg2 Bd4 33. Be1 Bb7+ 34. Kf1 Rc8 35. Ke2 Ba6+ 36. Kd1 Bxc3 37. Bxc3 Rxc3 38. Kd2 Rh3 39. Rh1 Nf3+ 40. Ke3 Nxh2+ 41. Ke4 Bb7+ 42. Kd4 Bxh1 43. c4 g5 44. Ke5 g4 45. Kf4 g3 46. Ke3 g2+ 47. Kf2 Rg3 48. Kg1 Nf3+ 49. Kf2 g1Q+ 50. Ke2 Nd4+ 51. Kd2 Qf2+ 52. Kc1 Rg1# 0-1